Pruebas a una turbina tipo Ossberger
Zapisane w:
| 1. autor: | |
|---|---|
| Format: | Książka |
| Wydane: |
San José, Costa Rica
1988
|
| Hasła przedmiotowe: | |
| Etykiety: |
Dodaj etykietę
Nie ma etykietki, Dołącz pierwszą etykiete!
|
MARC
| LEADER | 00000nam a2200000Ia 4500 | ||
|---|---|---|---|
| 003 | 005336 | ||
| 005 | 20221231144325.0 | ||
| 008 | 140114s1988 cr a m 000 ||s d | ||
| 040 | |c cru CEDI | ||
| 090 | |a TFG 2543 | ||
| 100 | |a Solís Solís, Ronald E. |9 12578 | ||
| 245 | |a Pruebas a una turbina tipo Ossberger | ||
| 260 | |c 1988 |a San José, Costa Rica | ||
| 300 | |a 157 hojas : ilustraciones (algunas plegables) ; 28 cm | ||
| 500 | |a Proyecto de graduación (licenciatura en ingeniería mecánica)--Universidad de Costa Rica. Facultad de Ingeniería. Escuela de Ingeniería Mecánica | ||
| 650 | |x TURBINAS |9 12579 | ||
| 942 | |c TFG |2 ddc | ||
| 999 | |c 20164 |d 20164 | ||
